Serbia 2022 FIFA World Cup Squad - Statistics

General Stats
  • This quiz has been taken 1,695 times
    1,640 since last reset
  • The average score is 15 of 27
Answer Stats
# Position Player % Correct
20 MF Sergej Milinković-Savić
92%
23 GK Vanja Milinković-Savić
92%
9 FW Aleksandar Mitrović
89%
13 DF Stefan Mitrović
89%
18 FW Dušan Vlahović
88%
10 FW © Dušan Tadić
82%
17 MF Filip Kostić
67%
2 DF Strahinja Pavlović
65%
4 DF Nikola Milenković
64%
12 GK Predrag Rajković
61%
11 FW Luka Jović
59%
8 MF Nemanja Gudelj
59%
1 GK Marko Dmitrović
52%
Manager Dragan Stojković
49%
14 MF Andrija Živković
48%
16 MF Saša Lukić
45%
7 FW Nemanja Radonjić
43%
5 DF Miloš Veljković
42%
6 MF Nemanja Maksimović
39%
3 DF Strahinja Eraković
37%
24 MF Ivan Ilić
36%
25 DF Filip Mladenović
32%
22 MF Darko Lazović
29%
15 DF Srđan Babić
29%
26 MF Marko Grujić
27%
19 MF Uroš Račić
26%
21 MF Filip Đuričić
17%
No matching quizzes found
Score Distribution
Percent of People with Each Score
Percentile by Number Answered
Your Score History
You have not taken this quiz since the last reset